Missing Word: Old School Soundtrack Quiz Stats

Quiz Updated Nov 14, 2015

Challenge
Share
Tweet
Embed
Score 0/12 Timer 03:00
0 Plays Today
Song Missing Word % Correct
Here I Go ____Again
97.9%
Chariots Of ____Fire
96.3%
____ PokeyHokey
96.1%
____ Eclipse Of The HeartTotal
95.6%
Ain't ____ SunshineNo
92.6%
Hungry Like The ____Wolf
85.9%
Good Lovin' ____ BadGone
73.6%
Happy ____ To YouBirthday
62.9%
Playground In My ____Mind
59.5%
____ In The WindDust
49.5%
Gonna Make You Sweat (____ Dance Now)Everybody
46.5%
Master Of ____Puppets
31.5%

Today's Daily Dose

You're not logged in!

Compare scores with friends on all Sporcle quizzes.
Sign Up with Email
OR
Log In

You Might Also Like...

Show Comments

Extras

Top Quizzes Today


Score Distribution

Your Account Isn't Verified!

In order to create a playlist on Sporcle, you need to verify the email address you used during registration. Go to your Sporcle Settings to finish the process.